Words That End in "Mote" - Statistics

General Stats
  • This quiz has been taken 17 times
  • The average score is 4 of 20
Answer Stats
# Words % Correct
R Remote
100%
D Demote
88%
E Emote
76%
P Promote
59%
S Smote
59%
C Camote
18%
C Commote
18%
G Gemote
6%
H Halmote
6%
L Locomote
6%
B Barmote
0%
B Burghmote
0%
D Dustmote
0%
F Folkmote
0%
H Hallmote
0%
P Portmote
0%
S Shiremote
0%
S Swainmote
0%
W Wardmote
0%
W Woodmote
0%
No matching quizzes found
Score Distribution
Percent of People with Each Score
Percentile by Number Answered
Your Score History
You have not taken this quiz